| 000 | 01316nam0a2200313 4500 | ||
|---|---|---|---|
| 001 | RU\NLR\bibl\110918 | ||
| 005 | 20260406132506.0 | ||
| 010 |
_a5-04-002396-0 _912 100 |
||
| 021 |
_aRU _b2000-21481 _91009 |
||
| 035 | _a(NLR Aleph) 000108571 | ||
| 090 |
_a615355 _c615355 |
||
| 100 | _a20001002d2000 |||y0rusy50 ca | ||
| 101 | 0 | _arus | |
| 102 | _aRU | ||
| 105 | _ay ||||||||| | ||
| 200 | 1 |
_aБратва: разборки местного значения _e[Повести] _fЕвгений Монах |
|
| 210 |
_aМ. _cЭКСМО-Пресс _cЭКСМО-МАРКЕТ _d2000 |
||
| 215 |
_a379, [2] c. _d17 |
||
| 225 | 1 | _aРусский бестселлер | |
| 327 | 1 | _aСодерж.: Свидетель преступного мира; Пластилиновая конфета, или Кровь смывает все следы; Выстрел в спину, или Долг кровью красен; Извозчик, или Могила на двоих; Альбатрос | |
| 686 | _aШ6(2=Р)75-446 | ||
| 700 | 1 |
_4070 _8rus _7ca _aМонах _bЕ. М. _gЕвгений Михайлович _3RU\NLR\auth\771902 _9111919 |
|
| 801 | 0 |
_aRU _bNLR _c20001002 _gPSBO |
|
| 801 | 1 |
_aRU _bNLR _c20001002 |
|
| 852 |
_aNLR _j2000-2/1846 |
||
| 942 | _cBOOK | ||
| 980 | _aNB | ||